000 00521nam a2200157 a 4500
008 101206s1969 ||||||||||||||||| || u
050 _aTN 693 Sim.
100 _aSimons, Eric. N
245 1 2 _aA dictionary of alloys
260 _aBritain
_bFrederick Muller
_c1969
300 _avii, 191p. : ill.
350 _a0.00
650 _aALLOYS
650 _aALLOYS--DICTIONARIES
995 _D0.00
_FCBU-MAIN LIBRARY (Kitwe)
_H1
_I0.00
_M1
_UREFERENCE
_WDec 7, 2010
_ZReference Collection
999 _c40076
_d40076